000 00374nam a2200157Ia 4500
008 220216s9999 xx 000 0 und d
245 0 _aNew processes and the SMR scheme
260 _bPlanters Bulletin
_c1968
300 _a200-214
650 _aBaling
650 _aBlending
650 _aDrying
650 _aNatural rubber
650 _aRubber industry
942 _cJS
999 _c63885
_d63885